| 000 | 01117nac a22002531u 4500 | ||
|---|---|---|---|
| 090 | _c4946 | ||
| 008 | 080924t xxu||||| |||| 00| 0 eng d | ||
| 010 | _a 90047575 | ||
| 020 | _a0671502484 : | ||
| 022 | _a0671799320 | ||
| 082 | 0 | 0 |
_a338.272820904 _bY474 |
| 100 | _aYergin, Daniel. | ||
| 245 | 1 | 4 |
_aThe prize : _bthe epic quest for oil, money, and power / _cDaniel Yergin. |
| 260 |
_aNew York : _bSimon & Schuster,c1991. _cc1991. |
||
| 300 |
_a877, xxxii p., [32] p. of plates : _bill., maps ; _c24 cm. |
||
| 504 | _aIncludes bibliographical references (p. [848]-873) and index. | ||
| 650 | 0 |
_aPetroleum industry and trade _xPolitical aspects _xHistory _y20th century. |
|
| 650 | 0 |
_aPetroleum industry and trade _xMilitary aspects _xHistory _y20th century. |
|
| 650 | 0 |
_aWorld War, 1914-1918 _xCauses. |
|
| 650 | 0 |
_aWorld War, 1939-1945 _xCauses. |
|
| 650 | 0 |
_aWorld politics _y20th century. |
|
| 942 |
_cNB _k338.272820904Y474 _2ddc |
||
| 999 |
_c4946 _d4946 |
||